Normal view
MARC view
- Duraković, Esad,
Entry Personal Name
001 - CONTROL NUMBER
- control field: 13023
003 - CONTROL NUMBER IDENTIFIER
- control field: NUST
005 - DATE AND TIME OF LATEST TRANSACTION
- control field: 20190109100706.0
008 - FIXED-LENGTH DATA ELEMENTS
- fixed length control field: 190109|| aca||aabn | a|a d
040 ## - CATALOGING SOURCE
- Original cataloging agency: NUST
- Transcribing agency: NUST
100 ## - HEADING--PERSONAL NAME
- Personal name: Duraković, Esad,
- Relator term: writer of added text.
670 ## - SOURCE DATA FOUND
- Source citation: Work cat.: (NUST)0: Sinanović, Samir, photographer. 13020, Bosna i Hercegovina :
